<?xml version="1.0" encoding="UTF-8"?>
<record
    xmlns:xsi="http://www.w3.org/2001/XMLSchema-instance"
    xsi:schemaLocation="http://www.loc.gov/MARC21/slim http://www.loc.gov/standards/marcxml/schema/MARC21slim.xsd"
    xmlns="http://www.loc.gov/MARC21/slim">

  <leader>00598nam a22001937a 4500</leader>
  <controlfield tag="003">KOHA_M&#x130;RAKIL</controlfield>
  <controlfield tag="005">20260330085621.0</controlfield>
  <controlfield tag="008">260330b        tu ||||| |||| 00| 0 tur d</controlfield>
  <datafield tag="020" ind1=" " ind2=" ">
    <subfield code="a">9789750500497</subfield>
  </datafield>
  <datafield tag="040" ind1=" " ind2=" ">
    <subfield code="a">TR-AnABB</subfield>
    <subfield code="b">tur</subfield>
    <subfield code="c">TR-AnABB</subfield>
  </datafield>
  <datafield tag="041" ind1=" " ind2=" ">
    <subfield code="a">tur</subfield>
  </datafield>
  <datafield tag="082" ind1=" " ind2=" ">
    <subfield code="a">305.5 </subfield>
    <subfield code="b">BAL 2020</subfield>
  </datafield>
  <datafield tag="100" ind1="1" ind2=" ">
    <subfield code="a">Bali, R&#x131;fat N.</subfield>
  </datafield>
  <datafield tag="245" ind1="1" ind2="0">
    <subfield code="a">Tarz-&#x131; Hayat'tan Life Style'a :</subfield>
    <subfield code="b">yeni se&#xE7;kinler, yeni mekanlar,yeni ya&#x15F;amlar /</subfield>
    <subfield code="c">R&#x131;fat N. Bali</subfield>
  </datafield>
  <datafield tag="260" ind1=" " ind2=" ">
    <subfield code="a">&#x130;stanbul :</subfield>
    <subfield code="b">&#x130;leti&#x15F;im Yay&#x131;nlar&#x131; ,</subfield>
    <subfield code="c">2020</subfield>
  </datafield>
  <datafield tag="300" ind1=" " ind2=" ">
    <subfield code="a">376 sayfa :</subfield>
    <subfield code="c">20 cm</subfield>
  </datafield>
  <datafield tag="900" ind1=" " ind2=" ">
    <subfield code="b">Cem &#xD6;ZOGLU</subfield>
  </datafield>
  <datafield tag="942" ind1=" " ind2=" ">
    <subfield code="2">ddc</subfield>
    <subfield code="c">BK</subfield>
  </datafield>
  <datafield tag="952" ind1=" " ind2=" ">
    <subfield code="0">0</subfield>
    <subfield code="1">0</subfield>
    <subfield code="2">ddc</subfield>
    <subfield code="7">0</subfield>
    <subfield code="a">RUK</subfield>
    <subfield code="b">RUK</subfield>
    <subfield code="d">2026-03-30</subfield>
    <subfield code="l">0</subfield>
    <subfield code="o">305.5  BAL 2020</subfield>
    <subfield code="p">RK1072</subfield>
    <subfield code="r">2026-03-30 08:57:16</subfield>
    <subfield code="w">2026-03-30</subfield>
    <subfield code="y">BK</subfield>
  </datafield>
  <datafield tag="999" ind1=" " ind2=" ">
    <subfield code="c">10055</subfield>
    <subfield code="d">10055</subfield>
  </datafield>
</record>
